Shibuya index (index of pesticides)
Gardado en:
| Formato: | Libro |
|---|---|
| Idioma: | Undetermined |
| Publicado: |
Japan
Zen-noh (Kumiai Chemical Ind. Co., LTd)
1996
|
| Những chủ đề: | |
| Các nhãn: |
Engadir etiqueta
Sen Etiquetas, Sexa o primeiro en etiquetar este rexistro!
|
| Thư viện lưu trữ: | Trung tâm Học liệu Trường Đại học Cần Thơ |
|---|
| LEADER | 00459nam a2200157Ia 4500 | ||
|---|---|---|---|
| 001 | CTU_38991 | ||
| 008 | 210402s9999 xx 000 0 und d | ||
| 082 | |a 632.9 | ||
| 082 | |b S561 | ||
| 245 | 0 | |a Shibuya index (index of pesticides) | |
| 260 | |a Japan | ||
| 260 | |b Zen-noh (Kumiai Chemical Ind. Co., LTd) | ||
| 260 | |c 1996 | ||
| 650 | |a agricultural chemistry,pesticides | ||
| 904 | |i Liên, 000603 | ||
| 980 | |a Trung tâm Học liệu Trường Đại học Cần Thơ | ||